[Event "Moncada op 6th"]
[Site "Santiago de Cuba"]
[Date "2009.05.23"]
[Round "7"]
[White "Vega Bizet, Felix"]
[Black "Gomez Garrido, Camilo Ernesto"]
[Result "0-1"]
[WhiteElo "2277"]
[BlackElo "2454"]
[PlyCount "42"]
[EventDate "2009.05.16"]
[EventType "swiss"]
[EventRounds "9"]
[EventCountry "CUB"]
[SourceTitle "CBM 130 Extra"]
[Source "ChessBase"]
[SourceDate "2009.07.02"]
[SourceVersion "2"]
[SourceVersionDate "2009.07.15"]
[SourceQuality "1"]

1. d4 d5 2. Nc3 Nf6 3. Bg5 Nbd7 4. Qd3 h6 5. Bh4 b6 6. g4 Bb7 7. Bg2 e6 8. g5 Nh5 9. Qe3 Be7 10. Nh3 hxg5 11. Bxg5 Ndf6 12. Qd3 Qd7 13. e3 c5 14. Ne2 a5 15. Nef4 Nxf4 16. Bxf4 Ba6 17. Qd2 Ne4 18. Bxe4 dxe4 19. Ng1 a4 20. a3 Qb5 21. c3 Qf1# 0-1

[Event "Moncada op 6th"]
[Site "Santiago de Cuba"]
[Date "2009.05.16"]
[Round "1"]
[White "Guerra Mendez, Jose Angel"]
[Black "Vega Bizet, Felix"]
[Result "1-0"]
[WhiteElo "2411"]
[BlackElo "2277"]
[PlyCount "69"]
[EventDate "2009.05.16"]
[EventType "swiss"]
[EventRounds "9"]
[EventCountry "CUB"]
[SourceTitle "CBM 130 Extra"]
[Source "ChessBase"]
[SourceDate "2009.07.02"]
[SourceVersion "2"]
[SourceVersionDate "2009.07.15"]
[SourceQuality "1"]

1. e4 c6 2. d4 d5 3. Nc3 dxe4 4. Nxe4 Bf5 5. Ng3 Bg6 6. Nf3 Nd7 7. h4 h6 8. h5 Bh7 9. Bd3 Bxd3 10. Qxd3 Qc7 11. Bd2 Ngf6 12. 0-0-0 e6 13. Ne4 0-0-0 14. g3 Nxe4 15. Qxe4 Nf6 16. Qe2 Bd6 17. c4 c5 18. Bc3 Rhe8 19. Kb1 Qc6 20. Rh4 b6 21. Re1 Qb7 22. a3 Kb8 23. Ne5 Ka8 24. Ka2 cxd4 25. Bxd4 Rg8 26. Bc3 Bxe5 27. Bxe5 Rd7 28. Rf4 Nh7 29. Bc3 Ng5 30. Rd1 Rxd1 31. Qxd1 Ne4 32. Bxg7 Nxg3 33. fxg3 Rxg7 34. Qd8+ Qb8 35. Qe7 1-0